Music Quiz

Random Music or Kpop Quiz

KPOP Rookie Idols (2017) Quiz Stats

 Plays Quiz not verified by Sporcle

Score 0/63 Timer 10:00
0 Plays Today
Hint Answer % Correct
K.A.R.DJ.Seph
85.9%
K.A.R.DB.M
84.6%
Wanna OneDaniel
84.3%
K.A.R.DSomin
84.1%
K.A.R.DJiwoo
83.6%
PristinNayoung
78.6%
Wanna OneMinhyun
74.9%
PristinKyulkyung
74.7%
Wanna OneDaehwi
74.4%
PristinKyla
74.2%
Wanna OneJisung
72.3%
Wanna OneGuanlin
72.1%
Wanna OneJihoon
70.8%
Wanna OneJinyoung
68.1%
PristinXiyeon
67.6%
Golden ChildY
67.1%
Wanna OneSungwoon
66.1%
Wanna OneWoojin
66.1%
Wanna OneJaehwan
65.8%
PristinRoa
65.3%
PristinEunwoo
65.3%
Wanna OneSeongwoo
64.2%
PristinRena
63.4%
PristinYehana
61.9%
PristinYuha
59%
Golden ChildTag
56.5%
Golden ChildDaeyeol
55.3%
Golden ChildBomin
55.3%
PristinSungyeon
53.5%
A.C.EJun
52%
A.C.EChan
51.4%
Golden ChildJaehyun
50.6%
Hint Answer % Correct
A.C.EWow
50.1%
Golden ChildSeungmin
48.2%
A.C.EJason
47.8%
Weki MekiLucy
46%
Golden ChildJangjun
45.9%
Golden ChildJaeseok
44.7%
Golden ChildDonghyun
44.7%
Golden ChildJibeom
43.5%
Dream CatcherSuA
43.3%
Golden ChildJoochan
42.4%
Weki MekiLua
40.2%
A.C.EDonghun
39.2%
Dream CatcherSiyeon
37.6%
Dream CatcherJiU
37.3%
Weki MekiSei
37.1%
Dream CatcherDami
33.9%
Weki MekiElly
32.6%
Weki MekiRina
32.4%
Dream CatcherGahyeon
31.6%
Dream CatcherHandong
31.1%
Weki MekiKim Doyeon
29.5%
Dream CatcherYoohyeon
29%
Weki MekiChoi Yoojung
28.7%
MYTEENYuvin
20.6%
Weki MekiJi Suyeon
17.5%
MYTEENTaevin
17.2%
MYTEENEunsu
15.9%
MYTEENHanseul
15.9%
MYTEENXiheon
15.4%
MYTEENChunjin
15.1%
MYTEENJunseob
9.9%

You're not logged in!

Compare scores with friends on all Sporcle quizzes.
OR
Log In

Sporcle TV

Today on Sporcle TV


Watch our educational content, quiz creation guides, and fun videos on Sporcle TV.

Show Comments

Extras

Created Sep 8, 2017ReportNominate
Tags:Kpop Quiz, Kpop Quiz

Top Quizzes Today


Score Distribution

Your Account Isn't Verified!

In order to create a playlist on Sporcle, you need to verify the email address you used during registration. Go to your Sporcle Settings to finish the process.

Report this User

Report this user for behavior that violates our Community Guidelines.

Details: